[Event "91st GER-ch 2020"]
[Site "Magdeburg"]
[Date "2020.08.17"]
[Round "2.2"]
[White "Muckle, Julius"]
[Black "Engel, Luis"]
[Result "1/2-1/2"]
[WhiteElo "2386"]
[BlackElo "2532"]
[Annotator "TA"]
[PlyCount "93"]
[EventDate "2020.08.16"]
[EventType "swiss"]
[EventCountry "GER"]
[SourceTitle "playchess.com"]
[Source "ChessBase"]
[SourceQuality "1"]

{[%evp 12,93,8,17,1,20,28,25,35,18,31,20,33,-6,-14,-6,0,0,0,0,0,0,0,0,11,0,0,-17,-19,-22,-24,-37,-14,-14,-14,-25,-16,-49,0,-79,-86,-104,-99,-104,-81,-76,-35,-81,-39,-104,-104,-104,-76,-127,-120,-118,-96,-110,-114,-116,-105,-168,-167,-205,-195,-180,-66,-83,-71,-148,-149,-109,-148,-110,0,0,0,0,0,0,0,-3,0,0]} 1. d4 Nf6 2. c4 e6 3. Nf3 d5 4. Nc3 Bb4 5. Qa4+ Nc6 6. a3 Bxc3+ 7. bxc3 O-O {D38: Queen's Gambit Declined: Ragozin Defence (4 Nf3 Bb4).} 8. Bg5 h6 9. Bh4 g5 {White has an edge.} 10. Bg3 Ne4 11. e3 h5 {[#]} 12. Ne5 $146 ({Predecessor:} 12. cxd5 exd5 13. c4 Be6 14. cxd5 Bxd5 15. Bc4 Rc8 16. O-O h4 17. Be5 f6 18. Qb3 {1-0 (24) Potapova,M (2307)-Dauletova,G (2250) Moscow 2019}) 12... Nxe5 13. Bxe5 f6 14. Bg3 $1 h4 15. f3 hxg3 16. fxe4 dxe4 17. hxg3 Qd6 18. Kf2 Bd7 19. Qd1 {Threatens to win with Qh5.} Kg7 20. Qg4 (20. Qh5 $2 Rh8 $19) 20... Qc6 21. c5 Rh8 22. Bc4 b6 23. a4 e5 24. Qe2 bxc5 {Hoping for ...exd4.} 25. Bb5 (25. dxe5 $11 fxe5 26. Rxh8 Rxh8 27. Rf1) 25... Qe6 $36 {[%mdl 2048] Keeping White busy.} 26. Rxh8 Rxh8 ({Reject} 26... Kxh8 $6 27. Bxd7 Qxd7 28. Qb5 $1 $11 {[%mdl 512]}) 27. dxc5 Qf5+ 28. Kg1 Bc8 {Strongly threatening ...Qh7.} 29. Rd1 Qg4 ({Much weaker is} 29... Qh7 $6 30. Bd7 $11) (29... Qe6 {is more complex.} 30. Qd2 Qb3 31. Rf1 Be6 32. Bc6 Qc4) 30. Qxg4 ({White should play} 30. Kf2 $15) 30... Bxg4 $15 {[%mdl 4096] Endgame KRB-KRB} 31. Rd2 Rb8 32. Kf2 (32. Bc6 $142) 32... Kf8 $17 33. Bc6 Bf5 34. g4 Bxg4 35. Bxe4 Ke7 36. Bf3 (36. Bc6 $17) 36... Be6 $19 37. g4 Rb3 38. Rc2 Bc4 (38... Ra3 $19 39. Rc1 Rxa4) 39. Be4 Ra3 40. Kf3 (40. Rc1 $142) 40... Bb3 $17 ({But not} 40... Rxa4 $6 41. Rh2 $15) 41. Rc1 Rxa4 42. Rh1 Kf8 ({Black should try} 42... Rc4 $17 43. Bd5 {[#]} e4+ $1 {[%mdl 512]} 44. Kf2 Rxc3 {[%mdl 64] Discovered Attack} 45. Rh7+ Kf8 46. Bxb3 Rxb3) 43. Rh8+ $11 {The position is equal.} Kg7 44. Rh7+ Kg8 45. Rd7 Kf8 46. c6 Rc4 47. Bd5 {Accuracy: White = 71%, Black = 85%.} 1/2-1/2

[Event "91st GER-ch 2020"]
[Site "Magdeburg"]
[Date "2020.08.17"]
[Round "2.3"]
[White "Hess, Max"]
[Black "Heinemann, Thies"]
[Result "1/2-1/2"]
[WhiteElo "2378"]
[BlackElo "2507"]
[Annotator "TA"]
[PlyCount "83"]
[EventDate "2020.08.16"]
[EventType "swiss"]
[EventCountry "GER"]
[SourceTitle "playchess.com"]
[Source "ChessBase"]
[SourceQuality "1"]

{[%evp 18,83,194,147,196,218,275,365,353,273,275,280,463,475,547,545,884,881,1098,532,412,96,140,-15,0,0,0,0,0,0,105,105,147,170,289,55,1004,995,873,295,292,291,253,157,160,48,43,43,46,45,44,25,25,17,43,44,56,31,26,11,11,11,41,0,0,0,16,20]} 1. e4 c5 2. Nc3 a6 3. Nge2 d6 4. g3 b5 5. Bg2 Bb7 6. d4 cxd4 7. Nxd4 e6 8. O-O Nf6 9. Re1 Qc7 10. a4 bxa4 {B43: Sicilian: Kan Variation: 5 Nc3.} 11. Nd5 (11. Rxa4 $6 Nbd7 $14) (11. Nxa4 $6 Nc6 $14) 11... exd5 12. exd5+ Kd8 {White is winning.} 13. Bg5 Nbd7 14. Rxa4 (14. Qe2 Qc5 $11) 14... h6 $2 (14... Be7 15. Rb4 (15. Qe2 Nc5 $16) (15. Rxe7 $2 Kxe7 16. Nf5+ Kf8 $19) 15... Rf8 16. Nc6+ (16. Qe2 Ne5 $14) (16. Rxe7 Kxe7 17. Nf5+ Kd8 $14) 16... Bxc6 17. dxc6 Rb8) 15. Bd2 $18 {And now Ba5 would win.} a5 16. Qa1 Nxd5 {intending ...N5b6.} 17. Bxa5 N5b6 18. Nb5 (18. Bxb6 $142 Nxb6 19. Rxa8+ {[%mdl 64] Overworked Piece} Nxa8 20. Qa4 (20. Bxb7 Qxb7 21. Qa4 Nc7 $16)) 18... Qb8 {[#]} 19. Qa2 $146 (19. Bxb6+ $18 {is the precise move to win.} Nxb6 20. Rxa8 {[%mdl 64] Overworked Piece} Bxa8 21. Bxa8 Nxa8 22. Qa4) ({Predecessor:} 19. Bxb7 Qxb7 20. Rae4 Nf6 21. Bxb6+ Kd7 22. Na7 Nxe4 23. Qa4+ Ke6 24. Qb3+ Kf5 25. Qf3+ {0-1 (36) Bedouin,X (2370)-De Jong,M (2319) Groningen 2009}) 19... d5 20. Bh3 $2 ({White should try} 20. Bxb6+ $1 $16 Nxb6 21. Rxa8 Bxa8 22. Qa5) 20... Rxa5 {[%mdl 64] Decoy} 21. Rxa5 Bb4 {[%mdl 64] Double Attack} 22. Rd1 Bxa5 23. Qxa5 {aiming for Bxd7.} Bc6 (23... Ba8 $1 $11 {remains equal.}) 24. Nd4 $16 Ba8 25. c4 $1 {[%cal Rc4c5]} Qc7 (25... dxc4 $142 26. Bxd7 Kxd7) 26. Nb5 $2 ({White has to play} 26. Bxd7 $1 $18 Kxd7 27. c5) 26... Qxc4 $2 {[%mdl 8192]} (26... Qb8 $14) 27. Bxd7 $1 $18 Kxd7 28. Qxb6 $2 (28. Qa7+ Kc6 29. Nd4+ Kd6 30. Qxb6+ Kd7 31. Qa7+ Qc7 32. Qa4+ Bc6 33. Nxc6 {[%mdl 64] Discovered Attack} Qxc6 34. Rxd5+ Kc7 35. Qa7+ Kc8 36. Rc5 $1 {[%mdl 512]} Qxc5 37. Qxc5+ Kd8 38. Qd4+ Ke8 39. Qe4+ Kd7 40. Qd5+ Ke7 41. Qe5+ {[%mdl 64] Double Attack} Kd7 42. Qd5+ Ke7 43. Qe5+ {[%mdl 64] Double Attack} Kd7 44. Qd5+) 28... Qc6 29. Qa7+ Bb7 30. Nd4 Qa6 {[#]} 31. Qxa6 ({White must play} 31. Qc5 $1 $16) 31... Bxa6 $16 {[%mdl 4096] Endgame KRB-KRN} 32. Nf5 g6 33. Rxd5+ Ke6 34. Ne3 (34. Ra5 {is more complex.} Bd3 35. Nd4+ Kd6 36. Ra3 Bc4 37. Rc3) 34... Rb8 35. Rd2 Bb7 36. Kf1 Bf3 37. Ke1 (37. Nc2 $5 {[%cal Rc2d4]} Be4 38. Nd4+ Kf6 39. Ke2 $14) 37... g5 38. Rc2 f5 39. Nc4 Kd5 40. Ne3+ Ke6 41. Nc4 Be4 42. Rc3 {Black escapes into a draw. Accuracy: White = 53%, Black = 45%.} 1/2-1/2

[Event "91st GER-ch 2020"]
[Site "Magdeburg"]
[Date "2020.08.17"]
[Round "2.4"]
[White "Parvanyan, Ashot"]
[Black "Koellner, Ruben Gideon"]
[Result "1-0"]
[WhiteElo "2449"]
[BlackElo "2376"]
[Annotator "TA"]
[PlyCount "47"]
[EventDate "2020.08.16"]
[EventType "swiss"]
[EventCountry "GER"]
[SourceTitle "playchess.com"]
[Source "ChessBase"]
[SourceQuality "1"]

{[%evp 9,47,0,18,43,49,49,79,93,89,80,175,170,164,143,171,148,151,135,245,160,172,157,143,122,166,190,212,223,300,293,417,412,514,497,708,681,1031,1077,1601,1558]} 1. e4 d6 2. d4 Nf6 3. Nc3 e5 4. Nf3 Nbd7 5. Rg1 h6 6. g4 {C41: Philidor Defence.} Be7 7. h4 {[#]} exd4 $146 ({Predecessor:} 7... c6 8. Be3 Nf8 9. dxe5 Nxg4 10. exd6 Qxd6 11. Bd4 Rg8 12. e5 Qc7 13. Qe2 h5 {0-1 (39) Stanciu,A (2383)-Vasilescu,L (2279) Baile Olanesti 2013}) 8. Qxd4 {White is better.} c5 9. Qe3 (9. Qd3 {keeps more tension.} Ne5 10. Nxe5 dxe5 11. Qxd8+ Bxd8 12. g5) 9... h5 (9... d5 $16) 10. gxh5 $18 Nxh5 11. Bd2 Nb6 12. O-O-O Be6 13. Ng5 $36 {[%mdl 2048] White has strong initiative.} Nc4 (13... Bf6 $16 14. Nxe6 fxe6) 14. Qe1 Nxd2 15. Nxe6 ({Weaker is} 15. Kxd2 Bf6 $11) (15. Rxd2 $6 a6 $14) 15... fxe6 16. Bb5+ ({Don't play} 16. Rxd2 $6 Bxh4 17. Qe3 Qf6 $11) 16... Kf7 {...Nf3 is the strong threat.} 17. Qxd2 Bf6 {[#]} 18. f4 $1 ({Inferior is} 18. Qxd6 Qxd6 19. Rxd6 Rad8 $11) 18... Bd4 19. Rg5 Qa5 (19... Qe7 $142 20. e5 Kg8) 20. Bc4 Qb4 21. Bb3 {White is clearly winning.} Nf6 (21... Rh7 $142 22. Qe2 Nxf4 23. Rf5+ {[%mdl 64] Double Attack} Kg8 24. Rxf4 Rh6) 22. e5 Nd5 {[#] Threatens to win with ...Be3.} 23. Bxd5 {Hoping for Qd3.} exd5 24. Qg2 {Accuracy: White = 89%, Black = 24%.} 1-0

[Event "91st GER-ch 2020"]
[Site "Magdeburg"]
[Date "2020.08.17"]
[Round "2.5"]
[White "Gustain, Marc"]
[Black "Mueller, Dominik"]
[Result "1-0"]
[WhiteElo "2173"]
[BlackElo "2252"]
[Annotator "ChessBase"]
[PlyCount "79"]
[EventDate "2020.08.16"]
[EventType "swiss"]
[EventCountry "GER"]
[SourceTitle "playchess.com"]
[Source "ChessBase"]
[SourceQuality "1"]
[TimeControl "40/5400+30:1800+30"]

1. e4 c6 2. d4 d5 3. e5 Bf5 4. h4 Qc7 5. g4 Bd7 6. h5 c5 7. Nc3 cxd4 8. Qxd4 Nc6 9. Qxd5 Bxg4 10. Nb5 Qd8 11. Be3 Qxd5 12. Nc7+ Kd7 13. Nxd5 Nxe5 14. Bb5+ Kc8 15. Rh4 Nf6 16. Nxf6 exf6 17. f4 Nf3+ 18. Nxf3 Bxf3 19. f5 Bc6 20. Rc4 Kc7 21. Bf4+ Bd6 22. Bxd6+ Kxd6 23. O-O-O+ Kc7 24. Bxc6 bxc6 25. Rg4 Rhg8 26. Rdg1 g5 27. hxg6 hxg6 28. fxg6 Rxg6 29. Rxg6 fxg6 30. Rxg6 Rf8 31. Kd2 Rf7 32. Ke3 Kd6 33. Kf4 Ke6 34. Rg3 f5 35. Re3+ Kd5 36. Re5+ Kd4 37. Rxf5 Rb7 38. b3 c5 39. Kf3 Re7 40. Rf4+ 1-0

[Event "91st GER-ch 2020"]
[Site "Magdeburg"]
[Date "2020.08.17"]
[Round "2.6"]
[White "Andre, Gordon"]
[Black "Siebrecht, Sebastian"]
[Result "1-0"]
[WhiteElo "2373"]
[BlackElo "2417"]
[Annotator "TA"]
[PlyCount "205"]
[EventDate "2020.08.16"]
[EventType "swiss"]
[EventCountry "GER"]
[SourceTitle "playchess.com"]
[Source "ChessBase"]
[SourceQuality "1"]

{[%evp 19,205,43,46,28,21,22,29,23,46,45,49,27,35,22,90,77,94,90,95,117,140,151,139,42,47,45,39,21,28,38,39,28,30,19,35,35,26,24,26,27,29,0,27,11,9,0,20,19,15,-26,-27,-107,-107,-120,-112,-122,-68,-68,-67,-148,-54,-50,-50,-56,0,0,0,-115,-80,-74,-56,-56,-52,-57,-46,-48,-46,-46,-39,-50,-53,-54,-48,-48,-43,-25,-17,-62,-62,-63,-48,-50,-48,-48,-48,-57,-57,-62,-64,-60,-64,-66,-41,-117,-132,-137,-150,-169,-169,-152,-151,-168,0,-346,-310,-300,-285,-273,-243,-265,-264,-308,-290,-385,-354,-368,-328,-322,-220,-214,-206,-217,-195,-180,0,0,0,0,0,0,0,3,2,0,0,0,164,156,118,30,62,67,1030,949,612,159,157,164,1223,945,12833,1462,2377,2198,12841,12840,12843,12843,12843,12844,12845,12845,12846,12846,12847,12846,12846,12847,12847,12846,12846,12846,12847,12847,12848,12849,12849,12850]} 1. d4 Nf6 2. c4 c5 3. d5 b5 4. cxb5 a6 5. b6 Qxb6 6. Nc3 d6 7. e4 g6 8. Nf3 Bg7 9. Be2 O-O 10. O-O Bg4 11. Nd2 {A57: Benko/Volga Gambit.} Bxe2 12. Qxe2 Nbd7 13. Nc4 {White has an edge.} Qc7 14. Bg5 Rfe8 15. Rad1 {[#]} Nb6 $146 ({Predecessor:} 15... Rab8 16. Rfe1 Nb6 17. e5 Nfd7 18. exd6 exd6 19. Qxe8+ Rxe8 20. Rxe8+ Nf8 21. Bd8 Qd7 22. Rxf8+ Kxf8 23. Bxb6 Bxc3 24. bxc3 {1-0 (33) Nikolaidis,I (2540)-Lehoczki,V (2155) Szekszard 1995}) 16. Ne3 Qd7 (16... Rab8 $11) 17. f4 $16 Na4 18. Nxa4 Qxa4 {[%mdl 64] Double Attack} 19. Nc4 $1 Rad8 20. b3 Qd7 21. h3 (21. f5 $16) 21... e6 $1 $14 22. dxe6 Qxe6 23. e5 dxe5 24. Rxd8 ({Reject} 24. Nxe5 Rxd1 25. Qxd1 Ne4 $15) 24... Rxd8 25. fxe5 Re8 $1 26. Rd1 Nd7 {[%cal Rd7e5]} 27. Rd6 Qf5 28. Qf1 {Black must now prevent Qxf5.} Qxg5 29. Rxd7 Rf8 30. Qe2 h5 31. Qd2 Qf5 32. Qd3 Qf4 33. g3 Qc1+ 34. Kg2 Bxe5 35. Qd2 (35. Qe3 $1 $11 {keeps the balance.} Qxe3 36. Nxe3) 35... Qa1 $1 $17 {Strongly threatening ...Bd4.} 36. Re7 Bc3 37. Qf2 Bd4 (37... a5 $17 38. Nb6 Bd4) 38. Re1 $15 Qc3 39. Qf1 (39. Qd2 $1 $15) 39... Qc2+ (39... a5 $17 40. Rc1 Qb4) 40. Re2 Qd3 41. Re7 Qc2+ (41... Qxf1+ $1 $15 42. Kxf1 Rc8) 42. Re2 $11 Qc3 43. Nd6 (43. Re1 $1 $11) 43... Qd3 (43... Qa5 {is more complex.} 44. Nc4 Qd8 45. Ne5 Kg7 46. h4 Qc7) 44. Qf3 Qxf3+ 45. Kxf3 $17 {[%mdl 4096] Endgame KRB-KRN} Rd8 46. Nc4 Kf8 47. g4 hxg4+ 48. hxg4 Bf6 49. Rc2 Rd3+ 50. Ke4 Rd4+ 51. Kf3 Ke7 52. Na5 {Hoping for Nc6+.} Rd5 53. Re2+ Kd7 54. Nc4 Rd3+ 55. Ke4 Rg3 56. Kf4 Rg1 57. Rd2+ Bd4 $1 58. Ne5+ Ke6 59. Nf3 Rf1 60. Re2+ Kd5 61. Re7 {[#]} ({Better is} 61. g5 $1 $15) 61... g5+ $1 {[%mdl 512]} 62. Kg3 (62. Kxg5 Rxf3) 62... f6 63. Rd7+ Kc6 $1 {[%cal Rc6d7]} 64. Ra7 Kb6 $1 {[%cal Rb6a7]} 65. Rf7 a5 $2 (65... Bc3 $19 66. Re7 Kb5) 66. a4 $2 {[%mdl 8192]} (66. Kg2 $1 $11 Rf2+ 67. Kg3 Rxa2 68. Nxd4 cxd4 69. Rxf6+ Kc5 70. Rf5+ Kb4 71. Rxg5) 66... Kc6 67. Nd2 Rd1 68. Nc4 Rd3+ 69. Kg2 Bc3 70. Re7 Kd5 71. Ne3+ Kd6 $1 {[%cal Rd6e7]} 72. Nf5+ {[#]} Kc6 $1 73. Re3 Rd2+ 74. Kf3 Be5 75. Ne7+ Kd7 76. Nf5 Bd4 $2 ({Black should play} 76... Ke6 $19 {And now ...Rc2 would win.} 77. Re1 Rb2) 77. Re7+ $11 Kd8 {aiming for ...Rf2+.} 78. Rb7 Rf2+ 79. Ke4 Rf4+ 80. Kd5 {With the idea Kc6.} Be5 ({Avoid the trap} 80... Rxg4 $2 81. Kc6 $18) 81. Nh6 Kc8 82. Rb5 Kd7 $2 (82... Bc7 $11 {and Black is okay.}) 83. Rxa5 $18 Rf3 {[#]} 84. Ra7+ ({Much less strong is} 84. Kxc5 $6 Rxb3 85. Ra7+ Ke6 $11) (84. Rb5 $1 $16) 84... Bc7 85. Rb7 Kc8 $2 {[%mdl 8192]} (85... c4 $14 86. bxc4 Re3) 86. Kc6 Be5 87. Nf7 $2 (87. Nf5 $18 {has better winning chances.}) 87... Bf4 $16 88. a5 {White wants to mate with a6.} c4 $2 (88... Re3 89. Rb5 c4) 89. bxc4 $18 {[%cal Bb3c4,Bc4c5,Bc5d6][%mdl 32] White is clearly winning.} Ra3 90. Rb5 (90. Rd7 $142 Kb8 91. c5) 90... Bc7 91. c5 Ra4 92. Nd6+ Bxd6 93. cxd6 {KR-KR} Rc4+ 94. Rc5 Rxg4 95. a6 {Intending a7 and mate.} Rg1 96. a7 {[%cal Ra7a8]} Ra1 97. Kb6+ Kd7 98. Ra5 Rb1+ 99. Kc5 Rc1+ 100. Kd5 Rd1+ 101. Ke4 Re1+ 102. Kf5 Re8 103. a8=Q {What a fight! Accuracy: White = 74%, Black = 70%.} 1-0

[Event "91st GER-ch 2020"]
[Site "Magdeburg"]
[Date "2020.08.17"]
[Round "2.7"]
[White "Dubiel, Jacek"]
[Black "Dobrikov, Marco"]
[Result "0-1"]
[WhiteElo "2414"]
[BlackElo "2290"]
[Annotator "TA"]
[PlyCount "52"]
[EventDate "2020.08.16"]
[EventType "swiss"]
[EventCountry "GER"]
[SourceTitle "playchess.com"]
[Source "ChessBase"]
[SourceQuality "1"]

{[%evp 11,52,4,14,9,19,13,17,24,27,31,33,27,27,20,33,15,22,0,0,-1,49,8,47,26,42,49,29,-63,-68,-115,0,-231,-202,-292,-308,-603,-601,-667,-591,-1930,-1920,-1844,-1842]} 1. e4 c5 2. Nf3 d6 3. d4 cxd4 4. Qxd4 Nc6 5. Bb5 Bd7 6. Qd3 Nf6 7. c4 {B53: Sicilian: 2...d6: Lines with Qxd4.} a6 8. Bxc6 Bxc6 9. Nc3 {The position is equal.} e6 10. O-O Be7 11. Nd4 O-O 12. b3 Qa5 13. Bb2 Rfd8 14. Rfe1 {[#]} Bf8 $146 ({Predecessor:} 14... Be8 15. a4 Nd7 16. Rad1 Rac8 17. Qg3 Qg5 18. Qh3 Ne5 19. Ba3 Nc6 20. Nde2 Qa5 {1-0 (30) Hou,Y (2662)-Duncan,C (2221) England 2019}) 15. Rad1 Qh5 16. Re3 d5 17. cxd5 exd5 18. e5 $1 {[%cal Re5f6]} Ne4 ({Don't play} 18... Ng4 $6 19. Rh3 $16) 19. Rh3 (19. Nxc6 $11 Nxc3 20. Bxc3 bxc6 21. f4) 19... Qxe5 $15 20. f3 {[#]} Bc5 ({Black should try} 20... Ng5 $1 $17 {[%cal Rg5h3]} 21. Rh4 Qf6) 21. Kf1 $2 (21. Qe3 $11) 21... Bd7 $19 22. Rh4 (22. g4 {might work better.}) 22... Be7 23. Nxd5 $2 (23. f4 Qb8 24. Rh5 Qxf4+ 25. Nf3) 23... Bxh4 {Black is clearly winning.} 24. fxe4 Qxh2 {[#] ( -> ...Qh1+)} 25. Nf3 Qh1+ 26. Ng1 Bb5 {Accuracy: White = 51%, Black = 76%.} 0-1

[Event "91st GER-ch 2020"]
[Site "Magdeburg"]
[Date "2020.08.17"]
[Round "2.8"]
[White "Braun, Georg"]
[Black "Pfreundt, Jakob"]
[Result "1/2-1/2"]
[WhiteElo "2360"]
[BlackElo "2397"]
[Annotator "TA"]
[PlyCount "193"]
[EventDate "2020.08.16"]
[EventType "swiss"]
[EventCountry "GER"]
[SourceTitle "playchess.com"]
[Source "ChessBase"]
[SourceQuality "1"]

{[%evp 10,193,22,4,14,10,4,6,2,0,0,16,17,0,0,0,0,0,7,0,0,0,2,-32,-32,-37,-23,-105,-83,-85,-96,-110,-118,-121,-114,-125,-89,-99,-95,-98,-97,-94,-94,-94,-97,-107,-99,-141,-68,-139,-132,-152,-127,-152,-149,-218,-174,-168,-136,-136,-136,-159,-118,-185,-156,-225,-225,-249,-225,-244,-225,-281,-208,-208,-174,-175,-169,-161,-154,-175,-175,-174,-142,-142,-134,-133,-133,-140,-120,-141,-83,-142,-128,-142,0,-130,-130,-141,-141,-142,-142,-142,-142,-142,-142,-142,-142,-142,-142,-142,-142,-142,-142,-142,-142,-142,-142,-142,-142,-142,-129,-142,-142,-142,-82,-142,-129,-161,-142,-162,-162,-162,-162,-162,-162,-162,-162,-162,0,0,0,0,0,0,0,0,0,0,0,0,0,0,0,0,0,0,0,0,0,0,0,0,0,0,0,0,0,-8,-8,-8,-8,-8,0,-8,0,-8,-8,-102,0,0,0,0,0,0,0,0]} 1. d4 Nf6 2. Bg5 e6 3. e4 h6 4. Bxf6 Qxf6 5. c3 d6 6. Bd3 e5 {A45: Trompowsky Attack.} 7. Ne2 g6 8. O-O Bg7 9. f4 {Black must now prevent fxe5.} Qe7 10. Nd2 Nd7 11. Nf3 O-O 12. Qd2 a6 13. Rae1 b5 {[#]} 14. b4 $146 ({Predecessor:} 14. Ng3 Bb7 15. h4 h5 16. fxe5 dxe5 17. a4 bxa4 18. Bc4 exd4 19. cxd4 Rad8 20. Qe2 {0-1 (41) Rahman,Z (2511)-Pantsulaia,L (2556) Dubai 2013}) 14... Bb7 15. fxe5 dxe5 16. a3 Qd6 17. Qc2 Rad8 18. a4 {[#]} (18. Rd1 $1 $11 {keeps the balance.}) 18... c5 $1 $17 {[%mdl 512]} 19. axb5 (19. bxc5 Nxc5) 19... axb5 20. Bxb5 cxd4 21. Kh1 Nf6 {aiming for ...d3.} 22. cxd4 Bxe4 ({Resist} 22... exd4 23. e5 $15) 23. dxe5 {Threatens to win with Qxe4.} Bxc2 ({Don't play} 23... Qxb4 $6 24. Qc4 $11) 24. exd6 Rxd6 25. Rc1 Be4 26. Nc3 Ba8 27. Bc4 {[#]} Ng4 $1 {[%cal Rg4e3] ...Ne3 is the strong threat.} 28. Rfe1 Nf2+ 29. Kg1 Nd3 30. Bxd3 Rxd3 31. Ne4 Rb3 32. Nd6 (32. Rc4 $17 {is a better defense.}) 32... Rxb4 33. Ne8 Bxf3 34. gxf3 Bd4+ 35. Kg2 Rb8 36. Nd6 (36. Rc4 $17) 36... Rfd8 37. Ne4 (37. Nc4 $17 {was necessary.}) 37... Rb2+ $19 38. Kh3 Be5 39. Ng3 Rd5 40. Rb1 {White wants to play Rxe5!} Rbd2 41. Re2 Kg7 42. Rbe1 Rxe2 43. Rxe2 {[%mdl 4096] Endgame KRB-KRN} f5 44. Kg2 Kf6 45. Rc2 Kg5 46. Ne2 Bd6 47. Ra2 Rd3 48. h3 f4 49. Rc2 Be5 (49... Kh4 $142 50. Nc3 Bc5) 50. Nc1 (50. Rc6 $142) 50... Rd5 51. Nb3 Rd3 (51... Rb5 $17 52. Nd2 Rb2 53. Ne4+ Kh5 54. Rxb2 Bxb2) 52. Nc5 (52. Nc1 $1 $11 Re3 53. Re2) 52... Ra3 $17 53. Ne4+ {[#]} Kh4 $1 54. Rd2 Ra5 55. Rd3 h5 56. Rd2 Bb8 57. Rb2 Ba7 58. Rc2 Bd4 59. Rd2 Be3 60. Rb2 Ra4 61. Rc2 Rb4 62. Ra2 Bb6 63. Rc2 Ba7 64. Ra2 Bb8 65. Rd2 Be5 66. Rc2 g5 (66... Bd4 $142 67. Ra2 Bb6) 67. Re2 (67. Rc5 $142 Bb8 68. Nxg5) 67... Bb8 68. Nf2 Rb3 69. Rc2 Ba7 70. Ra2 Bb6 71. Rc2 Bxf2 72. Rxf2 $19 {KR-KR} Ra3 73. Rb2 g4 $2 ({Black should play} 73... Ra5 $19 74. Rc2 Rd5) 74. hxg4 $11 hxg4 75. fxg4 Kxg4 76. Rb8 Ra2+ 77. Kg1 Kg3 {( -> ...Ra1+)} (77... Ra1+ {feels hotter.} 78. Kf2 Kh5 79. Rh8+ Kg6 80. Rg8+ Kh7) 78. Rg8+ Kf3 79. Rf8 Ra1+ 80. Kh2 Rf1 81. Ra8 Re1 82. Rf8 Re7 83. Kg1 Rg7+ 84. Kf1 Kg3 (84... Rc7 {seems wilder.} 85. Kg1 Rc1+ 86. Kh2 Rc4 87. Kg1 Kg4) 85. Ke2 Re7+ 86. Kf1 $1 Rh7 87. Kg1 Kf3 (87... Rg7 {keeps more tension.} 88. Rf5 Rg8 89. Ra5 Kf3+ 90. Kf1 Rc8) 88. Rf6 Rb7 89. Rf8 $1 Rb1+ 90. Kh2 Rf1 91. Ra8 Re1 92. Rf8 Re4 93. Kg1 (93. Ra8 $11 {remains equal.}) 93... Ke2 ({Black should try} 93... Rd4 $17 94. Rf7 Rd1+ 95. Kh2 Ra1) 94. Kg2 {The position is equal.} f3+ 95. Rxf3 Rg4+ 96. Rg3 Rxg3+ 97. Kxg3 {Whites escaped into a draw. Accuracy: White = 80%, Black = 89%.} 1/2-1/2

[Event "91st GER-ch 2020"]
[Site "Magdeburg"]
[Date "2020.08.17"]
[Round "2.9"]
[White "Bindrich, Falko"]
[Black "Voege, Tobias"]
[Result "1-0"]
[WhiteElo "2605"]
[BlackElo "2326"]
[Annotator "TA"]
[PlyCount "49"]
[EventDate "2020.08.16"]
[EventType "swiss"]
[EventCountry "GER"]
[SourceTitle "playchess.com"]
[Source "ChessBase"]
[SourceQuality "1"]

{[%evp 16,49,10,28,15,17,63,47,94,94,95,65,131,114,168,160,125,159,164,161,185,141,368,213,204,208,208,205,191,186,489,479,454,466,706,697]} 1. Nf3 d5 2. d4 e6 3. Bf4 Nf6 4. e3 Be7 5. Nbd2 O-O 6. Bd3 c5 7. c3 Nc6 8. Ne5 Nxe5 {8...Nd7 injects fresh life into this line.} 9. dxe5 Nd7 {D02: 1 d4 d5 2 Nf3 sidelines, including 2...Nf6 3 g3 and 2...Nf6 3 Bf4.} 10. Qh5 {[%csl Gd3][%cal Rh5h7]} f5 11. g4 {[%cal Rg4f5]} c4 {White is slightly better.} 12. Bc2 Nc5 13. Nf3 {[#]} Ne4 $146 ({Better is} 13... Bd7 $14) ({Predecessor:} 13... Bd7 14. Nd4 g6 15. Qh6 Rf7 16. Rg1 Qf8 17. Qh3 b5 18. Qg2 Kh8 19. h4 a5 {1-0 (41) Schoof,M (2310)-Hamm,S (2270) Willsbach 1997}) 14. Rg1 $16 b5 (14... Qb6 $16 15. O-O-O g6 16. gxf5 exf5) 15. gxf5 $40 {[%mdl 128] White wants a kill.} Rxf5 {[#]} 16. Qg4 $1 {[%csl Gg1][%cal Rg4g7][%mdl 512]} Rf7 17. Rd1 {Black must now prevent Bxe4.} Qf8 18. Nd4 Bc5 $2 {Loses the game.} (18... Kh8 $16) 19. Nxe6 (19. f3 $142) 19... Qe7 $18 20. Qxg7+ $1 Rxg7 21. Rxg7+ Qxg7 22. Nxg7 Nxf2 $2 (22... Kxg7 23. Rxd5 Be6 24. Bxe4 Bxd5 25. Bxd5 Re8) 23. Kxf2 {White is clearly winning.} Kxg7 24. Rxd5 Bb6 (24... Be7 $142 25. Rxb5 Ba6) 25. Rd6 {Accuracy: White = 76%, Black = 34%.} 1-0